Statistics for Phillippines History Quiz

Click here to take the quiz!

General Stats

  • This quiz has been taken 9 times
  • The average score is 2 of 8

Answer Stats

HintAnswer% Correct
Country that Gave independanceUnited States Of America
89%
First Empire That colonizedSpanish empire
56%
Nation that Involves the Phillipines as one of the five founding MembersASEAN
22%
Second Empire that colonizedJapanese empire
22%
Population of the Phillippines The day this quiz was Created113739019
0%
Other Name of the Second Empire that colonizedImperial Japan
0%
First Kingdom establishedKingdom of Tondo
0%
Old Country that involved the Phillippines And 2 SE Asian CountriesMaPhilIndo
0%

Score Distribution

Percentile by Number Answered

Percent of People with Each Score

Your Score History

You have not taken this quiz